000 01078 a2200169 4500
999 _c26241
_d26241
020 _a9788131609736
082 _a904.50954
_bGEO-
245 _aGeomatics in Natural Disasters
260 _bRawat Publications
_c2018
_aNew Delhi
300 _a xviii,246p
520 _aThe scientific studies on various aspects of natural disasters vulnerability mapping, modelling and management have phenomenally grown in recent years, especially after the advent of Geomatics technology. This book carries 24 articles covering seismicity, multivariate methods of landslide vulnerability mapping, tsunami vulnerability of parts on the east coast of India and the inputs of offshore and onshore geosystems over tsunami run-up and inundation, visualization of scenarios of impacts of sea-level rise and floods. This book will be of topical interest to all those concerned with natural disasters.
650 _aNatural disasters
_vEmergency management
_vGeographic information systems
_zIndia
700 _aKumanan C.J.
700 _aRamasamy; SM.
700 _aMuthukumar M.
942 _2ddc
_cBK